Readings in market value

Bibliographic Details
Corporate Author: American institute of Real Estate Appraisers
Format: Book
Language:English
Published: Chicago : American Institute of Real Estate Appraisers 1981
Subjects:

MARC

LEADER 00000cam a2200000 7i4500
001 0000003762
005 20240927.0
008 240613 ilu a eng
020 |a 0911780572 (paperback) 
040 |a INS   |b eng   |e rda 
090 0 0 |a RHD1387   |b .R3565 1981 
245 0 0 |a Readings in market value 
264 1 |a Chicago :   |b American Institute of Real Estate Appraisers   |c 1981 
264 4 |c ©1981 
300 |a vi, 231 pages :   |b illustrations ;   |c 26 cm. 
336 |a text  |2 rdacontent 
337 |a unmediated  |2 rdamedia 
338 |a volume  |2 rdacarrier 
504 |a Includes bibliographical references 
650 0 |a Real property   |x Valuation 
710 2 |a American institute of Real Estate Appraisers 
999 |a 0000001715   |b BOOK   |c Reference   |e Default branch